000 00475nam a2200181Ia 4500
001 8809
005 20260306160637.0
008 260306t2010||||xx |||||||||||||| ||spa||
041 _aESP
082 _a371.39
_bD69
100 _aDíaz Barriga Arcero, Frida
_eAUT
245 0 _aEstrategias docentes para un aprendizaje significativo:
_buna interpretación constructivista
260 _c2010
300 _a
_c
650 _aGEN
654 _aCED
942 _cLIB
_dJUS
_fJUS
_2ddc
_n
999 _c8809
_d8809